|
|
|
|
| LEADER |
00000cam a2200000 7i4500 |
| 001 |
0000044013 |
| 005 |
20151222.0 |
| 008 |
141211 |
| 020 |
|
|
|a 9838916646
|
| 090 |
0 |
0 |
|a JF MOR
|b MAL
|
| 100 |
1 |
|
|a Amer Haji Matsom
|
| 245 |
1 |
0 |
|a Menghormati ibu bapa
|c Amer Haji Matsom
|
| 260 |
|
|
|a Selangor :
|b Penerbit Orkid ,
|c 2014
|
| 490 |
1 |
|
|a Siri motivasi pelajar
|
| 500 |
|
|
|a Children ages 7-9 years old (orange)
|
| 650 |
|
0 |
|a Children stories
|
| 650 |
|
0 |
|a Moral,malay
|
| 999 |
|
|
|a 0001321334
|b Book
|c Children Collection
|e Cawangan Taman Sri Lambak
|
| 999 |
|
|
|a 0001321336
|b Book
|c Children Collection
|e Cawangan Taman Universiti
|
| 999 |
|
|
|a 0001321338
|b Book
|c Adult Collection
|e Cawangan Muar
|
| 999 |
|
|
|a 0001321340
|b Book
|c Children Collection
|e Cawangan Segamat
|
| 999 |
|
|
|a 0001321341
|b Book
|c Children Collection
|e Cawangan Pontian
|
| 999 |
|
|
|a 0001321342
|b Book
|c Children Collection
|e Cawangan Tangkak
|
| 999 |
|
|
|a 0001321344
|b Book
|c Children Collection
|e Cawangan Mersing
|
| 999 |
|
|
|a 0001321345
|b Book
|c Children Collection
|e Cawangan Tmn. Ungku Tun Aminah
|
| 999 |
|
|
|a 0001321346
|b Book
|c Children Collection
|e Cawangan Bandar Penawar
|
| 999 |
|
|
|a 0001321347
|b Book
|c Children Collection
|e Cawangan Kota Tinggi
|
| 999 |
|
|
|a 0001322033
|b Book
|c Children Collection
|e Cawangan Urban Transformation Centre
|
| 999 |
|
|
|a 1321338
|b Book
|c Children Collection
|e Cawangan Muar
|